000 00546ntaaa2200193 4500
003 01
005 20251027201619.0
008 0714s1973 ag 01
040 _aAR-BaBN
_bspa
_cAR-BaBN
_eaacr
_dRIC
082 _a248.3000 B61
100 _aBlessitt, Arthur
_914878
245 _aCuarenta días junto a la cruz
250 _a1 ed.
260 _aBuenos Aires :
_bJunta de Publicaciones,
_c1973
300 _a114 p
500 _aEscrito por uno que después llegó a ser del "Movimiento de Jesús".
650 _ameditaciones
_95341
942 _cBK
999 _c10778
_d10778